000 00601cam a2200205 4500500
005 20260405002724.0
041 _afre
042 _adc
100 1 0 _aNicolas, Ariane
_eauthor
245 0 0 _aLes Temps modernes. Art, temps, politique
260 _c2018.
500 _a97
690 _aHistoire
690 _aJacques Rancière
690 _aPrésent
690 _aProgrès
690 _aTemps
786 0 _nPhilosophie magazine | 120 | 6 | 2018-06-01 | p. 60-60 | 1951-1787
856 4 1 _uhttps://shs.cairn.info/magazine-philosophie-magazine-2018-6-page-60?lang=fr&redirect-ssocas=7080
999 _c2060449
_d2060449